Les célébrités gagnantes de Danse avec les Stars - Statistiques

Statistiques générales
  • Ce quiz a été pris 154 fois
  • Le résultat moyen est 9 sur 14
Statistiques - réponses
Saison Indice Vainqueur % Correct
Saison 1 Chanteur M Pokora
86%
Saison 7 Aventurier Laurent Maistret
80%
Saison 2 Chanteuse Shy'm
79%
Saison 11 Chanteur Tayc
78%
Saison 6 Chanteur Loic Nottet
74%
Saison 13 Chanteuse Natasha St Pier
73%
Saison 4 Chanteuse Alizée
71%
Saison 3 Chanteur Emmanuel Moire
67%
Saison 5 Acteur Rayane Bensetti
66%
Saison 12 Chanteur Billy Crawford
60%
DALSI Streameur Domingo
60%
Saison 9 Acteur Clément Rémiens
58%
Saison 8 Acteur Augustin Galiana
42%
Saison 10 Nageur Sami El Gueddari
38%
Aucun quiz correspondant
Distribution des résultats
% des personnes avec chaque résultat
Percentile par nombre de réponses
Votre historique - résultats
Vous n’avez pas pris ce quiz